British Economists and the Empire : (Record no. 614969)

MARC details
000 -LEADER
fixed length control field 00482nam a2200181 a 4500
008 - FIXED-LENGTH DATA ELEMENTS--GENERAL INFORMATION
fixed length control field 260221s2017##################000#0#eng##
020 ## - INTERNATIONAL STANDARD BOOK NUMBER
ISBN 9781138230712
082 04 - DEWEY DECIMAL CLASSIFICATION NUMBER
Classification number 330.0942
Item number CUN.13
100 1# - MAIN ENTRY--AUTHOR NAME
Personal name Wood, John Cunningham,
245 10 - TITLE STATEMENT
Title British Economists and the Empire :
260 ## - PUBLICATION, DISTRIBUTION, ETC. (IMPRINT)
Name of publisher Routledge,
Year of publication 2017.
300 ## - PHYSICAL DESCRIPTION
Number of Pages 322 pages
942 ## - ADDED ENTRY ELEMENTS (KOHA)
Koha item type English Books

No items available.

Find us on the map